[Event "FIDE Open 2012"]
[Site "Voronezh (Russia)"]
[Date "2012.06.19"]
[Round "8.21"]
[White "Estrada, Victor"]
[Black "Kostitsina, Liubov"]
[Result "1-0"]
[WhiteElo "1861"]
[BlackElo "2053"]
[Annotator ""]
[Source ""]
[Remark ""]

1.c4 e5 2.Nc3 Nc6 3.Nf3 g6 4.g3 Bg7 5.Bg2 d6 6.d3 Nf6 7.Bd2 O-O
8.Qc1 Nd4 9.h3 c6 10.Bg5 Qa5 11.Bd2 Qc7 12.Nxd4 exd4 13.Ne4 Nxe4
14.Bxe4 Re8 15.Bf3 Bf5 16.Kf1 Rac8 17.Kg2 Qd7 18.Bh6 Bh8 19.Qd2
Rc7 20.h4 Be6 21.Bf4 Bg4 22.Rae1 Bxf3+ 23.exf3 Rcc8 {%07-2072372108}
24.h5 c5 25.h6 d5 26.b3 dxc4 27.bxc4 a6 28.Rxe8+ Rxe8 29.Re1
Rxe1 30.Qxe1 Bf6 31.Qe4 Be7 32.Qe5 Bf8 33.g4 Qe6 34.Qxe6 fxe6
35.a4 Be7 36.g5 Kf7 37.Kg3 Ke8 38.Kg4 Kd7 39.Bd2 Bd6 40.f4 Kc6
41.Kf3 Bc7 42.Ke4 b6 43.Kf3 b5 44.axb5+ axb5 45.cxb5+ Kxb5 46.Ke4
Ka4 47.f5 gxf5+ 48.Kf3 Bd8 49.g6 Bf6 50.g7 1-0

[Event "FIDE Open 2012"]
[Site "Voronezh (Russia)"]
[Date "2012.06.19"]
[Round "8.22"]
[White "Shuvalova, Polina"]
[Black "Ognerubova, Anastasia"]
[Result "1/2-1/2"]
[WhiteElo "1702"]
[BlackElo "2044"]
[Annotator ""]
[Source ""]
[Remark ""]

1.e4 c5 2.Nf3 e6 3.d4 cxd4 4.Nxd4 a6 5.Bd3 Qc7 6.Nc3 Nc6 7.Be3
Nf6 8.O-O b6 9.Kh1 Bb7 10.f4 Bc5 11.Ncb5 axb5 12.Nxb5 Qb8 13.Bxc5
bxc5 14.e5 Nd5 15.Nd6+ Ke7 16.Qh5 g6 17.Qg5+ f6 18.Qh6 Qf8 19.Qxf8+
Rhxf8 20.Nxb7 c4 21.exf6+ Rxf6 22.Be4 Rb8 23.Bxd5 exd5 24.Rae1+
Kf7 25.Nc5 Rxb2 26.Nxd7 Re6 27.Rxe6 Kxe6 28.Nf8+ Kf7 29.Nxh7
Rxc2 30.a4 d4 31.Ng5+ Kg7 32.Rd1 d3 33.Ne4 Ra2 34.Rc1 Rxa4 35.Kg1
Nd4 36.Kf2 Ra2+ 37.Ke3 Nf5+ 38.Kf3 Rc2 39.Ra1 Nh4+ 40.Kg4 Nxg2
41.Kg5 d2 42.Ra7+ 1/2-1/2

[Event "FIDE Open 2012"]
[Site "Voronezh (Russia)"]
[Date "2012.06.19"]
[Round "8.24"]
[White "Avtsynov, Artyom"]
[Black "Shcherbakov, Nikolay"]
[Result "1-0"]
[WhiteElo "2033"]
[BlackElo "1802"]
[Annotator ""]
[Source ""]
[Remark ""]

1.e4 c5 2.Nc3 Nc6 3.g3 d6 4.Bg2 Nf6 5.d3 h6 6.f4 Qb6 7.Nf3 Bg4
8.h3 Bxf3 9.Qxf3 Nd4 10.Qf2 e5 11.O-O O-O-O 12.fxe5 dxe5 13.Nd5
Nxd5 14.exd5 f6 15.c3 Nb5 16.Be3 Qc7 17.a4 Nd6 18.Bxc5 Ne4 19.Qf5+
Kb8 20.Bxa7+ Kxa7 21.Bxe4 Qb6+ 22.Kh1 Bd6 23.Qf2 Bc5 24.Qe2 g6
25.b4 Be7 26.a5 Qc7 27.Qe3+ Kb8 28.a6 f5 29.d6 Qxd6 30.axb7 fxe4
31.Qa7+ Kc7 32.b8Q+ Kc6 1-0

[Event "FIDE Open 2012"]
[Site "Voronezh (Russia)"]
[Date "2012.06.19"]
[Round "8.25"]
[White "Kiselev, Alexander S."]
[Black "Popov, Kirill"]
[Result "1/2-1/2"]
[WhiteElo "2236"]
[BlackElo "1983"]
[Annotator ""]
[Source ""]
[Remark ""]

1.e4 e6 2.d4 d5 3.e5 c5 4.c3 Qb6 5.Nf3 Bd7 6.a3 Nc6 7.b4 cxd4
8.cxd4 Rc8 9.Bb2 Nh6 10.Nc3 Na5 11.Na4 Qc6 12.bxa5 Qxa4 13.Qxa4
Bxa4 14.Bd3 Be7 15.Kd2 Nf5 16.h4 h5 17.Bc3 Kd7 18.Rhb1 Rc7 19.g3
Rhc8 20.Bb4 Bc2 21.Rc1 Bxb4+ 22.axb4 Bxd3 23.Rxc7+ Rxc7 24.Kxd3
Rc4 25.Rd1 Kd8 26.Rb1 Kd7 27.Rb2 Kd8 28.Rb3 Kd7 29.Rb2 Kd8 1/2-1/2

[Event "FIDE Open 2012"]
[Site "Voronezh (Russia)"]
[Date "2012.06.19"]
[Round "8.26"]
[White "Testova, Victoria"]
[Black "Grishchenko, Vladimir"]
[Result "1-0"]
[WhiteElo "1993"]
[BlackElo "2069"]
[Annotator ""]
[Source ""]
[Remark ""]

1.e4 c5 2.Nf3 e6 3.d3 Nc6 4.Nbd2 d6 5.g3 g6 6.Bg2 Bg7 7.O-O Nge7
8.Re1 O-O 9.Nf1 Rb8 10.c3 e5 11.Be3 Bg4 12.h3 Bxf3 13.Bxf3 b5
14.Nh2 b4 15.Bg2 bxc3 16.bxc3 Qa5 17.Qd2 Rb7 18.Reb1 Rfb8 19.Rxb7
Rxb7 20.Ng4 h5 21.Nh6+ Bxh6 22.Bxh6 f6 23.Rc1 Rb8 24.Qe2 Kh7
25.Be3 Qa3 26.Rc2 Rb1+ 27.Kh2 Ng8 28.g4 hxg4 29.Qxg4 Nce7 30.Qe2
Kg7 31.d4 g5 32.h4 gxh4 33.Qg4+ Ng6 34.Qd7+ Kh8 35.Qxd6 Qa4 36.Rd2
exd4 37.cxd4 c4 38.Qc5 Rc1 39.Rb2 Qd1 40.Rb7 Ra1 1-0

[Event "FIDE Open 2012"]
[Site "Voronezh (Russia)"]
[Date "2012.06.19"]
[Round "8.27"]
[White "Ioffe, Evgeny"]
[Black "Cho, Seongho"]
[Result "1-0"]
[WhiteElo "2046"]
[BlackElo "1948"]
[Annotator ""]
[Source ""]
[Remark ""]

1.e4 c5 2.c3 Nf6 3.e5 Nd5 4.d4 cxd4 5.cxd4 Nc6 6.Nf3 d6 7.Bc4
e6 8.O-O Be7 9.Re1 O-O 10.Nbd2 Nb6 11.Bb3 d5 12.Nf1 Bd7 13.a3
Rc8 14.Qd3 Na5 15.Bc2 g6 16.Bh6 Re8 17.Rac1 Nac4 18.b4 Bb5 19.Ne3
Qd7 20.Nxc4 Nxc4 21.Qb3 Nb6 22.Qe3 Nc4 23.Qb3 Nb6 24.Qe3 Rc7
25.Ng5 Bf8 26.Qh3 Be7 1-0

[Event "FIDE Open 2012"]
[Site "Voronezh (Russia)"]
[Date "2012.06.19"]
[Round "8.28"]
[White "Markevich, Arseniy"]
[Black "Mokshin, Maksim"]
[Result "1-0"]
[WhiteElo "2033"]
[BlackElo "1948"]
[Annotator ""]
[Source ""]
[Remark ""]

1.d4 Nf6 2.Bg5 g6 3.Nc3 d6 4.e4 Nbd7 5.Bc4 h6 6.Be3 e5 7.h3 Bg7
8.Qd2 exd4 9.Bxd4 O-O 10.O-O-O a6 11.e5 dxe5 12.Bxe5 Qe7 13.Bf4
Qc5 14.Bb3 Kh7 15.Nf3 b5 16.Be3 Qb4 17.Nd5 Qxd2+ 18.Rxd2 Ne4
19.Re2 c5 20.c3 Bb7 21.Rd1 Rad8 22.Bc2 Ndf6 23.Nxf6+ Bxf6 24.Bxe4
Rxd1+ 25.Kxd1 Rd8+ 26.Bd2 1-0

[Event "FIDE Open 2012"]
[Site "Voronezh (Russia)"]
[Date "2012.06.19"]
[Round "8.29"]
[White "Aleksandrov, Grigoriy"]
[Black "Aseeva, Anastasia"]
[Result "1/2-1/2"]
[WhiteElo "1819"]
[BlackElo "2010"]
[Annotator ""]
[Source ""]
[Remark ""]

1.e4 c6 2.d4 d5 3.e5 Bf5 4.Nf3 e6 5.Be2 Nd7 6.Nbd2 c5 7.c4 Ne7
8.Nb3 Nc6 9.cxd5 exd5 10.Be3 c4 11.Nbd2 Nb4 12.O-O Be7 13.Qa4
O-O 14.a3 Bc2 15.b3 Nb6 16.Qa5 Nc6 17.Qc3 cxb3 18.Nxb3 Bf5 19.Rfc1
Rc8 20.Qd2 Nd7 21.Bd3 Bxd3 22.Qxd3 a6 23.Rc2 Nb6 24.Nfd2 Na7
25.Rxc8 Qxc8 26.Rc1 Qd7 27.Nc5 Bxc5 28.Rxc5 Rc8 29.Nb3 Nc4 30.Rxc8+
Qxc8 31.Nd2 b5 32.Qc3 Nxe3 33.Qxc8+ Nxc8 34.fxe3 Nb6 35.Kf2 Kf8
36.Nb3 Nc4 37.Nc5 a5 38.a4 bxa4 39.Nxa4 Ke7 40.Ke2 f6 41.exf6+
Kxf6 42.Kd3 Nd6 43.Nc3 Ke6 44.Na4 Kd7 45.Nc3 Kc6 46.g3 g6 47.Kc2
Nb5 48.Na4 Na3+ 49.Kb3 Nb5 50.Kc2 Nc7 51.Nc3 Ne6 52.Kd3 Nc7 1/2-1/2

[Event "FIDE Open 2012"]
[Site "Voronezh (Russia)"]
[Date "2012.06.19"]
[Round "8.31"]
[White "Klimentov, Evgeny"]
[Black "Gataullin, Artur"]
[Result "1-0"]
[WhiteElo "1818"]
[BlackElo "2064"]
[Annotator ""]
[Source ""]
[Remark ""]

1.e4 e5 2.Nf3 Nc6 3.Bb5 a6 4.Ba4 Nf6 5.O-O Be7 6.Bxc6 dxc6 7.d3
Bd6 8.Nbd2 O-O 9.Nc4 Re8 10.b3 Bg4 11.Bb2 b5 12.Ne3 Bh5 13.Kh1
Bc5 14.Nf5 Bg4 15.Ne3 Bh5 16.Nf5 Bg6 17.Nxe5 Bxf5 18.exf5 Qd5
19.d4 Bb6 20.Qf3 Ne4 21.c4 bxc4 22.bxc4 Qa5 23.Qxe4 f6 24.c5
Qb5 25.Rab1 Ba7 26.Bc3 Qa4 27.Qxc6 Qxa2 28.Nf3 Qc2 1-0

[Event "FIDE Open 2012"]
[Site "Voronezh (Russia)"]
[Date "2012.06.19"]
[Round "8.32"]
[White "Maksimov, Dmitri"]
[Black "Sedykh, Egor"]
[Result "1-0"]
[WhiteElo "2007"]
[BlackElo "1793"]
[Annotator ""]
[Source ""]
[Remark ""]

1.e4 c5 2.c3 d5 3.exd5 Qxd5 4.d4 g6 5.dxc5 Qxd1+ 6.Kxd1 Nf6 7.Nf3
Bg4 8.Be2 Nbd7 {%07-2106517405} 9.Be3 Rc8 10.b4 Bg7 11.Kc2 Nd5
12.a3 e5 13.Rd1 Bf5+ 14.Kb3 Nxe3 15.fxe3 b6 16.cxb6 Nxb6 17.c4
Be6 18.Nbd2 O-O 19.Rac1 Rfd8 20.Ng5 Bd7 21.b5 h6 22.Nge4 Be6
23.a4 f5 24.Nc3 Nd7 25.Ka2 Nb6 26.a5 Nd7 27.Nd5 Bxd5 28.cxd5
Nc5 29.Nb3 Bf8 30.Rc4 Nxb3 31.Kxb3 Rc5 32.Ka4 Rcxd5 33.Rxd5 Rxd5
34.Rc7 Rd2 35.Bc4+ Kh8 36.Rxa7 1-0

[Event "FIDE Open 2012"]
[Site "Voronezh (Russia)"]
[Date "2012.06.19"]
[Round "8.33"]
[White "Nazarov, Ilya"]
[Black "Belov, Yury"]
[Result "1-0"]
[WhiteElo "1986"]
[BlackElo "1783"]
[Annotator ""]
[Source ""]
[Remark ""]

1.g3 e6 2.Bg2 Nf6 3.d3 h6 4.e4 Nc6 5.Ne2 e5 6.O-O Bc5 7.Nbc3
a6 8.h3 d6 9.Kh2 Be6 10.f4 h5 11.fxe5 Nxe5 12.d4 Neg4+ 13.hxg4
hxg4+ 14.Kg1 Ba7 15.Be3 c6 16.Qd2 d5 17.Nf4 Qa5 18.Nxe6 fxe6
19.exd5 O-O-O 20.Ne2 Qxd2 21.Bxd2 exd5 22.Rae1 Rde8 23.c3 c5
24.dxc5 Bxc5+ 25.Nd4 Kd7 26.Rxe8 Rxe8 27.Re1 Rc8 28.Be3 b5 29.Ne2
Bd6 30.Bf2 a5 31.a3 b4 32.axb4 axb4 1-0

[Event "FIDE Open 2012"]
[Site "Voronezh (Russia)"]
[Date "2012.06.19"]
[Round "8.34"]
[White "Sychev, Victor"]
[Black "Pilchuk, Mikhail"]
[Result "1-0"]
[WhiteElo "1708"]
[BlackElo "1927"]
[Annotator ""]
[Source ""]
[Remark ""]

1.e4 e5 2.Nf3 Nc6 3.Bc4 Nf6 4.Nc3 Nxe4 5.Bxf7+ Kxf7 6.Nxe4 d5
7.Nfg5+ Ke8 8.Qh5+ g6 9.Qf3 Qe7 10.Nf6+ Kd8 11.Qxd5+ Bd7 12.Nxd7
Kc8 13.Nxf8 1-0

[Event "FIDE Open 2012"]
[Site "Voronezh (Russia)"]
[Date "2012.06.19"]
[Round "8.35"]
[White "Chernov, Vladimir S"]
[Black "Dyakonova, Ekaterina"]
[Result "1/2-1/2"]
[WhiteElo "1948"]
[BlackElo "1919"]
[Annotator ""]
[Source ""]
[Remark ""]

1.d4 Nf6 2.c4 c5 3.e3 b6 4.Nc3 Bb7 5.Nf3 e6 6.g3 Be7 7.Bg2 O-O
8.O-O d6 9.b3 a6 10.Bb2 Nbd7 11.Ne1 Bxg2 12.Nxg2 Rb8 13.a4 Qc7
14.f4 Rbd8 15.Qf3 Nb8 16.dxc5 bxc5 17.Ne4 Nxe4 18.Qxe4 Nc6 19.f5
d5 20.Qg4 Ne5 21.Bxe5 Qxe5 22.cxd5 exd5 23.Rab1 Bf6 24.Qf4 Rfe8
25.Qxe5 Rxe5 26.h4 Kf8 27.g4 h6 28.Rbc1 Be7 29.Kf2 Re4 30.Kf3
Rb4 31.Rc3 Rdb8 32.Rd1 d4 33.exd4 cxd4 34.Rcd3 Rxb3 35.Ke4 Bf6
36.Nf4 Re8+ 37.Kf3 Re3+ 38.Kg2 Rexd3 39.Rxd3 Rxd3 40.Nxd3 Bxh4 1/2-1/2

[Event "FIDE Open 2012"]
[Site "Voronezh (Russia)"]
[Date "2012.06.19"]
[Round "8.37"]
[White "Korobitsyn, Daniil"]
[Black "Kostin, Yury"]
[Result "1-0"]
[WhiteElo "1905"]
[BlackElo "1688"]
[Annotator ""]
[Source ""]
[Remark ""]

1.d4 Nf6 2.Nf3 e6 3.Bg5 d5 4.c4 dxc4 5.Nc3 Be7 6.e4 c6 7.Bxc4
b5 8.Bd3 O-O 9.O-O Bb7 10.e5 Nd5 11.Bxe7 Nxe7 12.Bxh7+ Kxh7 13.Ng5+
Kh6 14.Qg4 Nf5 15.Nge4 Qg5 16.Nxg5 Rh8 17.f4 Nd7 1-0

[Event "FIDE Open 2012"]
[Site "Voronezh (Russia)"]
[Date "2012.06.19"]
[Round "8.38"]
[White "Bobro, Igor"]
[Black "Poluektova, Anastasia"]
[Result "0-1"]
[WhiteElo "1902"]
[BlackElo "1613"]
[Annotator ""]
[Source ""]
[Remark ""]

1.d4 Nf6 2.Nf3 g6 3.e3 Bg7 4.Be2 O-O 5.O-O d5 6.c4 e6 7.Nc3 Nc6
8.a3 a5 9.Qc2 Ne7 10.Ne5 b6 11.cxd5 exd5 12.Nb5 Ne8 13.Bd2 Bb7
14.Rac1 c5 15.f4 cxd4 16.Nxd4 Rc8 17.Qd3 Nd6 18.Bg4 Ra8 19.Qb1
Ne4 20.Be1 Ba6 21.Rf3 h5 22.Bh3 Qd6 23.Nec6 Nc5 24.Nxe7+ Qxe7
25.b4 axb4 26.Bxb4 Rfe8 27.Rc3 Bc4 28.Qd1 Qe4 29.g4 Na4 30.Rxc4
dxc4 31.g5 Nb2 32.Qf1 Bxd4 33.exd4 Qd5 34.Kh1 Rad8 0-1

[Event "FIDE Open 2012"]
[Site "Voronezh (Russia)"]
[Date "2012.06.19"]
[Round "8.43"]
[White "Kozlov, Sergej A."]
[Black "Ajrapetian, Nikita"]
[Result "1-0"]
[WhiteElo "1784"]
[BlackElo "1995"]
[Annotator ""]
[Source ""]
[Remark ""]

1.d4 d5 2.c4 c6 3.cxd5 cxd5 4.Bf4 Nf6 5.Nc3 a6 6.e3 e6 7.a3 Bd6
8.Bxd6 Qxd6 9.Nf3 O-O 10.Bd3 Nbd7 11.O-O e5 12.Bb1 e4 13.Nd2
Nb6 14.h3 Bd7 15.Qc2 Rac8 16.Kh1 Rc7 17.f3 Qg3 18.fxe4 Bxh3 19.Nf3
Rxc3 20.bxc3 dxe4 21.gxh3 exf3 22.Qh2 Qxh2+ 23.Kxh2 1-0

[Event "FIDE Open 2012"]
[Site "Voronezh (Russia)"]
[Date "2012.06.19"]
[Round "8.44"]
[White "Mikhailov, Artem"]
[Black "Krekoten, Vladimir"]
[Result "1/2-1/2"]
[WhiteElo "1720"]
[BlackElo "1904"]
[Annotator ""]
[Source ""]
[Remark ""]

1.e4 Nf6 2.e5 Nd5 3.c4 Nb6 4.d4 d6 5.exd6 cxd6 6.Nf3 Bf5 7.Nc3
g6 8.Qb3 Qc8 9.Bf4 Bg7 10.Rc1 N8d7 11.Be2 O-O 12.O-O Be6 13.Nd1
Qd8 14.Ne3 {%07-2113664733} h6 15.d5 Nc5 16.Qc2 Bd7 17.b4 Na6
18.Qd2 g5 19.Bg3 f5 20.c5 f4 21.cxb6 axb6 22.Bxf4 Rxf4 23.a3
Nc7 24.Qc2 Rc8 25.Qb3 b5 26.Rc2 Na8 27.Rfc1 Rxc2 28.Qxc2 Qb6
29.g3 Rf8 30.Ne1 Qd4 1/2-1/2

[Event "FIDE Open 2012"]
[Site "Voronezh (Russia)"]
[Date "2012.06.19"]
[Round "8.45"]
[White "Moiseenko, Andrey"]
[Black "Tjurin, Viktor"]
[Result "1/2-1/2"]
[WhiteElo "1696"]
[BlackElo "1827"]
[Annotator ""]
[Source ""]
[Remark ""]

1.d4 Nf6 2.c4 g6 3.f3 Bg7 4.e4 d6 5.Nc3 O-O 6.Be3 Nbd7 7.Nge2
e5 8.Qd2 a6 9.d5 Qe8 10.g4 Nc5 11.Ng3 b6 12.h4 Rb8 13.h5 b5 14.b4
Na4 15.Nxa4 bxa4 16.a3 Nd7 17.Bh6 Bxh6 18.Qxh6 f6 19.hxg6 Qxg6
20.Bd3 Qxh6 21.Rxh6 a5 22.b5 Nc5 23.Bc2 Kg7 24.Rh1 Rf7 25.Nf1
Bd7 26.Ne3 h6 27.Nd1 Rh8 28.Nc3 h5 29.gxh5 f5 30.Nxa4 Nxa4 31.Bxa4
fxe4 32.fxe4 Rf4 33.Bc2 Rhf8 34.Kd2 Rf2+ 35.Kc3 R8f3+ 36.Bd3
Kh6 37.Raf1 Rxf1 38.Rxf1 Rxf1 39.Bxf1 Kxh5 40.Kb3 Kg4 41.Ka4
Kf3 1/2-1/2

[Event "FIDE Open 2012"]
[Site "Voronezh (Russia)"]
[Date "2012.06.19"]
[Round "8.48"]
[White "Savenko, Ivan"]
[Black "Gagarin, Artem"]
[Result "0-1"]
[WhiteElo "1634"]
[BlackElo "1767"]
[Annotator ""]
[Source ""]
[Remark ""]

1.Nf3 g6 2.d4 Bg7 3.Bf4 Nf6 4.h3 d5 5.e3 Bf5 6.Bd3 Bxd3 7.Qxd3
O-O 8.O-O Nbd7 9.Nbd2 b6 10.Rac1 c5 11.b3 Re8 12.Ne5 Rc8 13.Bh2
Nxe5 14.Bxe5 Nh5 15.Bxg7 Nxg7 16.c4 cxd4 17.exd4 Nf5 18.c5 bxc5
19.Rxc5 Rxc5 20.dxc5 e5 21.b4 e4 22.Qa6 Nh4 23.f4 e3 24.Nf3 Nxf3+
25.gxf3 e2 26.Re1 Qh4 27.Rxe2 Qg3+ 28.Kf1 Qxf3+ 29.Rf2 Qh1# 0-1

[Event "FIDE Open 2012"]
[Site "Voronezh (Russia)"]
[Date "2012.06.19"]
[Round "8.49"]
[White "Soloviova, Adelia"]
[Black "Parshin, Vitaly"]
[Result "1/2-1/2"]
[WhiteElo "1704"]
[BlackElo "1765"]
[Annotator ""]
[Source ""]
[Remark ""]

1.e4 c5 2.Nc3 Nc6 3.g3 g6 4.Bg2 Bg7 5.Nge2 Nf6 6.d3 O-O 7.O-O
d6 8.h3 e6 9.Be3 Qc7 10.Qd2 a6 11.Bh6 b5 12.Bxg7 Kxg7 13.f4 b4
14.Nd1 d5 15.Nf2 Rb8 16.g4 Nd4 17.Rae1 dxe4 18.Nxd4 1/2-1/2

[Event "FIDE Open 2012"]
[Site "Voronezh (Russia)"]
[Date "2012.06.20"]
[Round "9.1"]
[White "Natacheev, Peter"]
[Black "Volkov, Sergei"]
[Result "1/2-1/2"]
[WhiteElo "2230"]
[BlackElo "2107"]
[Annotator ""]
[Source ""]
[Remark ""]

1. e4 c5 2. c3 d6 3. d4 Nf6 4. dxc5 Nc6 5. Qc2 dxc5 6. Nf3 Bg4 7. Be2 e6 8. Bg5 Qc7 9. Nbd2
Bd6 10. Nc4 Bf4 11. Bxf4 Qxf4 12. Qd2 Qxd2+ 13. Nfxd2 Bxe2 14. Kxe2 b5 15. Nd6+ Ke7
16. Nxb5 Rab8 17. a4 a6 18. Na3 Rxb2 19. Nac4 Rb7 20. Rab1 Rhb8 21. f3 Nd7 22. Rxb7 Rxb7 23. Rb1
Rxb1 24. Nxb1 Nde5 25. Nbd2 g5 26. g3 f5 27. Ne3 f4 28. gxf4 gxf4 29. Ng2 Ng6 30. Nc4 Kf6 31. Ne1
Nce5 32. Nxe5 Kxe5 33. Nd3+ Kd6 34. c4 Ne5 35. Nxe5 Kxe5 36. Kd3 Kf6 37. a5 Ke5 38. Kc3 Kf6
39. Kd2 Ke5 40. Kd3 Kf6 41. Ke2 1/2-1/2

[Event "FIDE Open 2012"]
[Site "Voronezh (Russia)"]
[Date "2012.06.20"]
[Round "9.2"]
[White "Aminov, Andrey"]
[Black "Makarkin, Zhan"]
[Result "1/2-1/2"]
[LiveChessVersion "1.3.1"]
[WhiteElo "2112"]
[BlackElo "2126"]
[Annotator ""]
[Source ""]
[Remark ""]

1. e4 e5 2. Nf3 Nc6 3. d4 exd4 4. Nxd4 Bc5 5. Nxc6 Qf6 6. Qf3 Qxc6 7. Nc3 Nf6 8. Bb5 Qe6
9. O-O O-O 10. Nd5 Nxd5 11. exd5 Qe5 12. c3 d6 13. Bd3 Bd7 14. Bd2 f5 15. Rfe1 Qf6 16. Re2
Rae8 17. Rae1 Rxe2 18. Rxe2 g6 19. Be3 Re8 20. Bxc5 Rxe2 21. Qxe2 dxc5 22. f4 c6 23. Bc4 Kg7
24. dxc6 Bxc6 25. Qe6 Qxe6 26. Bxe6 Kf6 27. Bc4 h6 28. Kf2 g5 29. g3 gxf4 30. gxf4 Be4 31. b4
b6 32. Ke3 Ke7 33. a3 Kd6 34. Bf1 Kd5 35. Ba6 Kd6 36. Bf1 Kd5 37. Ba6 Kd6 38. Bf1 1/2-1/2

[Event "FIDE Open 2012"]
[Site "Voronezh (Russia)"]
[Date "2012.06.20"]
[Round "9.4"]
[White "Bezgodova, Svetlana"]
[Black "Khazieva, Elza"]
[Result "0-1"]
[WhiteElo "2120"]
[BlackElo "2068"]
[Annotator ""]
[Source ""]
[Remark ""]

1. e4 c5 2. Nf3 g6 3. d3 Bg7 4. Be2 d6 5. O-O Nf6 6. c3 O-O 7. Nbd2 Nc6 8. Re1 a6
9. Nf1 b5 10. Ng3 Bb7 11. h4 h5 12. Bg5 Qc7 13. Rc1 Nd8 14. Bf1 Ne6 15. Bd2 
Ng4 16. Ng5 Nxg5 17. Bxg5 Rad8 18. Be2 Bc8 19. a4 b4 20. f3 Nf6 21. Nf1 bxc3 
22. bxc3 d5 23. Qc2 a5 24. Ne3 Be6 25. Rb1 Nh7 26. exd5 Nxg5 27. dxe6 Nxe6
28. Nf1 Qe5 29. Rbc1 Nf4 30. g3 Nd5 31. f4 Qxc3 32. Qa2 Qd4+ 33. Kg2 Rb8
34. Rc4 Nb4 35. Qd2 Qd6 36. Rec1 Rfc8 37. Kh2 Bd4 38. f5 Kg7 39. Qg5 Bf6
40. Qe3 Nd5 41. Qf3 Bd4 42. Nd2 Nb6 43. Ne4 Qe5 44. R4c2 Nxa4 45. Ng5 Qe3
46. fxg6 Qxf3 47. Bxf3 Kxg6 48. Rf1 Bf6 49. Nh3 Rb2 50. Nf4+ Kh6 51. Rxb2 Nxb2
52. Nxh5 Be5 53. Kh3 Nxd3 54. Be2 f6 55. g4 c4 56. Rf5 a4 57. Ng3 Nf4+
58. Rxf4 Bxf4 59. Nf5+ Kh7 60. Bd1 e6 61. Ne7 Rc7 62. Bc2+ Kg7 63. Ng6 Be3 64. h5 a3 0-1

[Event "FIDE Open 2012"]
[Site "Voronezh (Russia)"]
[Date "2012.06.20"]
[Round "9.5"]
[White "Manukovsky, Vladimir"]
[Black "Fadin, Evgeny"]
[Result "1-0"]
[WhiteElo "2238"]
[BlackElo "2122"]
[Annotator ""]
[Source ""]
[Remark ""]

1. d4 Nf6 2. c4 g6 3. Nc3 Bg7 4. e4 d6 5. f3 O-O 6. Be3 Nc6 7. Qd2 e5 8. Nge2 a6 
9. h4 exd4 10. Nxd4 Re8 11. O-O-O Ne5 12. Bh6 Bh8 13. Be2 c6 14. g4 b5 15. Nf5 b4 
16. Na4 Qa5 17. b3 d5 18. Be3 1-0

[Event "FIDE Open 2012"]
[Site "Voronezh (Russia)"]
[Date "2012.06.20"]
[Round "9.6"]
[White "Kalinin, Ivan"]
[Black "Skomorohov, Grigorij"]
[Result "1-0"]
[WhiteElo "2088"]
[BlackElo "2217"]
[Annotator ""]
[Source ""]
[Remark ""]

1.d4 d5 2.c4 e6 3.Nc3 f5 4.Bf4 c6 5.e3 Nf6 6.Nf3 Be7 7.Bd3 O-O
8.Qc2 Bd7 9.h3 Na6 10.a3 Qa5 11.Rc1 b5 12.cxb5 cxb5 13.O-O b4
14.Nb1 Rac8 15.Qe2 Nb8 16.Ne5 Ba4 17.g4 Ne4 18.gxf5 exf5 19.Bxe4
dxe4 20.Rxc8 Rxc8 21.Qh5 Rf8 22.Kh1 Be8 23.Qd1 Qa6 24.Rg1 Kh8
25.axb4 h6 26.Nc3 Qf6 27.Nd5 Qh4 28.Nxe7 Qxe7 29.Ng6+ Bxg6 30.Rxg6
Nd7 31.Qg1 Qh4 32.Qg2 Rf7 33.Bxh6 Qxh6 34.Rxh6+ gxh6 1-0

[Event "FIDE Open 2012"]
[Site "Voronezh (Russia)"]
[Date "2012.06.20"]
[Round "9.7"]
[White "Popov, Andrey"]
[Black "Baemov, Ilnur"]
[Result "1-0"]
[WhiteElo "2094"]
[BlackElo "2197"]
[Annotator ""]
[Source ""]
[Remark ""]

1.e4 c6 2.d4 d5 3.exd5 cxd5 4.c4 Nf6 5.Nc3 g6 6.Qb3 Bg7 7.cxd5
O-O 8.Nge2 Na6 9.g3 Nc7 10.Bg2 Rb8 11.O-O b5 12.Bf4 Rb6 13.Rac1
Nce8 14.a3 Bb7 15.Rfe1 Nc7 16.d6 exd6 17.d5 Na6 18.Qd1 Nc7 19.Be3
Ra6 20.Qb3 Ng4 21.Bf4 g5 22.Bd2 Ne5 23.Qc2 h6 24.Nd4 Nc4 25.Nf5
Nxd2 26.Qxd2 Bc8 27.Ne7+ Kh8 28.Qd3 Bd7 29.Nc6 Qf6 30.Nb4 Rb6
31.Ne4 Qd8 32.Qc2 a5 33.Nc6 Bxc6 34.dxc6 d5 35.Nd2 Qd6 36.Nb3
a4 37.Na5 Rbb8 38.Nb7 Qf6 39.b3 axb3 40.Qxb3 Qb2 41.Rb1 Qxb3
42.Rxb3 Rfe8 43.Rc1 Kg8 44.Bh3 Re2 45.Bf1 Ra2 46.Nd6 Rb2 47.Rb1
Rc2 1-0

[Event "FIDE Open 2012"]
[Site "Voronezh (Russia)"]
[Date "2012.06.20"]
[Round "9.8"]
[White "Katkov, Vitaly"]
[Black "Kubatko, Ivan"]
[Result "0-1"]
[WhiteElo "2066"]
[BlackElo "2229"]
[Annotator ""]
[Source ""]
[Remark ""]

1.d4 d5 2.Nf3 c5 3.c3 Nf6 4.Bf4 Nbd7 5.Nbd2 g6 6.h3 Bg7 7.e3
O-O 8.Bd3 b6 9.Qe2 Bb7 10.O-O Re8 11.Ne5 a6 12.c4 Nxe5 13.dxe5
Nd7 14.Nf3 e6 15.e4 d4 16.Qd2 Qc7 17.b4 Nxe5 18.Nxe5 Bxe5 19.Bh6
cxb4 20.Qxb4 f5 21.f3 Qc5 22.Qxc5 bxc5 23.Rab1 Rab8 24.Bd2 Bc7
25.Rb2 Bc6 26.Rfb1 Rxb2 27.Rxb2 Kf7 28.exf5 gxf5 29.f4 Rg8 30.Bf1
Rg3 31.Kf2 Ra3 32.Be2 Be4 33.Bc1 Rc3 34.Bd2 Rc2 35.Rxc2 Bxc2
36.g4 Bb1 37.a3 fxg4 38.Bxg4 Bd3 39.Be2 Bxe2 40.Kxe2 Kf6 41.Kf3
Kf5 42.Bc1 Ba5 43.a4 Bb4 44.Bb2 d3 45.Be5 d2 46.Ke2 Ke4 0-1

[Event "FIDE Open 2012"]
[Site "Voronezh (Russia)"]
[Date "2012.06.20"]
[Round "9.9"]
[White "Khoroshilov, Nikita"]
[Black "Orekhov, Nikolai"]
[Result "1-0"]
[WhiteElo "2223"]
[BlackElo "2038"]
[Annotator ""]
[Source ""]
[Remark ""]

1.Nf3 Nf6 2.d3 e6 3.g3 d5 4.Bg2 g6 5.Nbd2 Bg7 6.e4 c5 7.O-O O-O
8.Re1 Nc6 9.c3 a5 10.Qc2 b6 11.Nf1 Ba6 12.e5 Nd7 13.Bf4 Qc7 14.Qe2
b5 15.h4 b4 16.N1h2 a4 17.a3 bxc3 18.bxc3 Qa5 19.Rac1 Rfe8 20.Ng4
Qb5 21.Red1 Ne7 22.Nh6+ Kf8 23.h5 Nf5 24.Nxf5 exf5 25.h6 Bf6
26.c4 Qb8 27.cxd5 Nxe5 28.Nxe5 Bxe5 29.Bxe5 Rxe5 30.Qc2 Qd6 31.Qxc5
Qxc5 32.Rxc5 Rd8 33.Ra5 Rd6 34.Rxa4 g5 35.Rd4 Ke7 36.Rc1 Rxh6
37.d6+ Kd8 38.Rb1 Kd7 39.Bb7 Ra5 40.Bc6+ 1-0

[Event "FIDE Open 2012"]
[Site "Voronezh (Russia)"]
[Date "2012.06.20"]
[Round "9.11"]
[White "Egorenkov, Igor"]
[Black "Alieva, Alexandra"]
[Result "1-0"]
[WhiteElo "2133"]
[BlackElo "1970"]
[Annotator ""]
[Source ""]
[Remark ""]

1.e4 e5 2.Nc3 Nc6 3.g3 g6 4.Bg2 Bg7 5.Nge2 Nge7 6.d3 d6 7.Be3
Nd4 8.O-O O-O 9.Nd5 Nxd5 10.exd5 Bg4 11.f3 Bd7 12.c3 Nf5 13.Bf2
c6 14.dxc6 Bxc6 15.f4 Qc7 16.Be4 Ne7 17.fxe5 dxe5 18.Qb3 Bxe4
19.dxe4 Qc6 20.c4 Qxe4 21.Nc3 Qc6 22.Nd5 Rfe8 23.Rfd1 Nf5 24.Nb4
Qc7 25.Nd5 Qc6 26.Nb4 Qc8 27.Nd5 Nd4 28.Bxd4 exd4 29.Re1 Qd7
30.Qd3 Rab8 31.Rxe8+ Rxe8 32.a4 h5 33.a5 Qg4 34.Rf1 Qe2 35.Qf3
Qxf3 36.Rxf3 Kf8 37.Kf2 1-0

[Event "FIDE Open 2012"]
[Site "Voronezh (Russia)"]
[Date "2012.06.20"]
[Round "9.12"]
[White "Avtsynov, Artyom"]
[Black "Talipov, Nafis"]
[Result "0-1"]
[WhiteElo "2033"]
[BlackElo "2160"]
[Annotator ""]
[Source ""]
[Remark ""]

1.e4 d6 2.d4 Nd7 3.Nc3 e5 4.Nf3 c6 5.Be2 Ngf6 6.O-O Be7 7.Be3
O-O 8.h3 Qc7 9.g4 a6 10.Kh1 b5 11.a3 Bb7 12.g5 Ne8 13.d5 f5 14.exf5
Rxf5 15.Bd3 Rf8 16.Be4 c5 17.Nh4 g6 18.Ne2 Ng7 19.Ng3 Nb6 20.Qd3
Qd7 21.Kh2 Rae8 22.Rad1 Bd8 23.c3 Bc8 24.Bg2 Nf5 25.Nhxf5 gxf5
26.f4 e4 27.Qe2 Bb7 28.Rg1 Nxd5 29.g6 hxg6 30.Nxe4 Re6 31.Rxd5
Bxd5 32.Nf6+ Rexf6 33.Bxd5+ Kg7 34.Bf2 Rh8 35.Qe1 Rff8 36.Rg2
Rh6 37.Be6 Qe7 38.Bg3 Qf6 39.Bd5 Kh8 40.Re2 Qg7 41.Re6 g5 42.Rxh6+
Qxh6 43.fxg5 Bxg5 0-1

[Event "FIDE Open 2012"]
[Site "Voronezh (Russia)"]
[Date "2012.06.20"]
[Round "9.13"]
[White "Kozhevnikov, Ivan"]
[Black "Kalinin, Nikita"]
[Result "1/2-1/2"]
[WhiteElo "2068"]
[BlackElo "2199"]
[Annotator ""]
[Source ""]
[Remark ""]

1.e4 e5 2.Nf3 Nc6 3.Bb5 Bc5 4.c3 f5 5.d4 fxe4 6.Bxc6 dxc6 7.Nxe5
Bd6 8.Qh5+ g6 9.Qe2 Bf5 10.g4 Bxe5 11.gxf5 Bd6 12.Nd2 Nf6 13.Nxe4
Nxe4 14.Qxe4+ Qe7 15.Qxe7+ Kxe7 16.fxg6 hxg6 17.Bg5+ Kf7 18.h4
Rae8+ 19.Kd2 c5 20.dxc5 Bxc5 21.Rae1 Be7 22.Bxe7 Rxe7 23.Rxe7+
Kxe7 24.Re1+ Kf6 25.Re4 Rh7 26.Ke3 Kf5 27.Rf4+ Ke5 28.Rc4 Kf5
29.Kf3 Kf6 30.Kg4 Re7 1/2-1/2